La inmigración extranjera en la historia costarricense/
La autora estudia los procesos llevados a cabo por el Estado Costarricense para promover la inmigración masiva de europeos durante las dos ultimas décadas del siglo XIX y hasta mediados del siglo XX. También analiza las corrientes migratorias de trabajadores durante la primera mitad del siglo XX. As...
Guardat en:
| Autor principal: | |
|---|---|
| Format: | Desconegut |
| Idioma: | Spanish |
| Publicat: |
Costa Rica :
Editorial UCR,
|
| Col·lecció: | Instituto de Investigaciones Sociales de la Universidad de Costa Rica
|
| Matèries: | |
| Etiquetes: |
Afegir etiqueta
Sense etiquetes, Sigues el primer a etiquetar aquest registre!
|
MARC
| LEADER | 00000 a2200000 04500 | ||
|---|---|---|---|
| 001 | 36849 | ||
| 003 | cru CIDCACS/IIS | ||
| 005 | 20190315102512.0 | ||
| 008 | 050629s2007 cr spa d | ||
| 999 | |c 42249 |d 42249 | ||
| 020 | |a 978-9968-46-074-3 | ||
| 040 | |c cru CIDCACS/IIS | ||
| 090 | |a 14.07.01 S218m | ||
| 100 | 1 | |a Alvarenga Venutolo, Patricia |9 7747 | |
| 245 | |a La inmigración extranjera en la historia costarricense/ |c Patricia Alvarenga Venútolo | ||
| 260 | |a Costa Rica : |b Editorial UCR, | ||
| 300 | |a 3-24 | ||
| 440 | |9 34 |a Instituto de Investigaciones Sociales de la Universidad de Costa Rica | ||
| 520 | |a La autora estudia los procesos llevados a cabo por el Estado Costarricense para promover la inmigración masiva de europeos durante las dos ultimas décadas del siglo XIX y hasta mediados del siglo XX. También analiza las corrientes migratorias de trabajadores durante la primera mitad del siglo XX. Así, la "inmigración deseada", la "inmigración no deseada" y la "inmigración como mal necesario" constituyen pistas indispensables para reconocer el modo en que el Estado costarricense construyó jerarquías étnicas y cómo estas guardan relación con el imaginario de nacionalidad que impulsaba la elite nacional | ||
| 650 | |a MIGRACION | ||
| 650 | |a HISTORIA SOCIAL | ||
| 651 | 0 | |9 32 |a COSTA RICA | |
| 651 | 0 | |9 17 |a AMERICA LATINA | |
| 942 | |2 ddc |c LI | ||
| 773 | 0 | |0 1453 |9 2729 |a Sandoval García, Carlos |d Costa Rica : Editorial UCR, |o 04261 |t El mito roto: inmigración y emigración en Costa Rica / |w (cru CIDCACS/IIS)36849 |z 978-9968-46-074-3 | |



